000 00609nam a2200145 a 4500
005 20140414131937.0
008 110124s19uu xx 00 eng d
050 _aTR
_bM46 2005
100 _aMeyer, Stephenie, 1973-
245 _aTwilight /
_cStephenie Meyer.
260 _aNew York :
_bLittle, Brown and Co.,
_c2005.
520 _aWhen seventeen-year-old Bella leaves Phoenix to live with her father in Forks, Washington, she meets an exquisitely handsome boy at school for whom she feels an overwhelming attraction and who she comes to realize is not wholly human.
650 _aVampires
999 _c112493
_d112493